000 00335nam a2200145Ia 4500
005 20251222152014.0
008 251222s9999||||xx |||||||||||||| ||spa||
020 _a8440056877
082 _a630/L88
100 _aLopez Ritas, Julio
245 0 _aEl Almendro:
250 _a1ra.ed.
264 _bLibrería Mundi-Prensa
942 _cLIB
999 _c25010
_d25010